100 Biggest Cities of Bosnia and Herzegovina on a Map - Statistics

General Stats
  • This quiz has been taken 936 times
    814 since last reset
  • The average score is 37 of 100
Answers on the Map
Answers color-coded by a green-red scale on the quiz's map according to % correct below.
 
Answer Stats
Population City % Correct
334,722 Sarajevo
98%
135,059 Banja Luka
92%
60,195 Mostar
91%
74,457 Tuzla
85%
70,553 Zenica
76%
39,893 Brčko
75%
39,690 Bihać
73%
22,987 Trebinje
67%
41,121 Bijeljina
65%
24,349 Doboj
65%
7,172 Jajce
59%
27,970 Prijedor
59%
13,863 Cazin
58%
7,927 Livno
57%
15,344 Travnik
55%
4,520 Velika Kladuša
50%
11,082 Zvornik
50%
7,637 Brod
49%
10,831 Foča
49%
16,913 Sanski Most
49%
11,806 Goražde
48%
13,691 Gradiška
48%
12,569 Pale
48%
15,555 Bugojno
47%
5,587 Tomislavgrad
47%
5,203 Višegrad
47%
11,205 Visoko
47%
10,732 Konjic
46%
6,149 Široki Brijeg
46%
11,796 Kakanj
44%
11,076 Derventa
42%
3,730 Drvar
42%
4,898 Ključ
42%
6,694 Srebrenik
42%
5,774 Čapljina
40%
12,764 Gradačac
40%
4,057 Jablanica
40%
5,000 Nevesinje
40%
5,257 Tešanj
40%
6,820 Teslić
39%
6,329 Vitez
39%
7,476 Bileća
38%
6,711 Donji Vakuf
38%
5,282 Laktaši
38%
6,099 Maglaj
38%
7,017 Mrkonjić Grad
38%
9,415 Novi Grad
38%
6,267 Posušje
38%
3,816 Stolac
38%
5,218 Gacko
37%
12,882 Gračanica
37%
8,996 Modriča
37%
9,008 Novi Travnik
37%
7,651 Prnjavor
36%
6,228 Vlasenica
36%
3,614 Orašje
35%
10,568 Vogošća
35%
10,196 Bosanska Krupa
33%
8,174 Zavidovići
33%
4,993 Hadžići
32%
12,061 Lukavac
32%
6,313 Rogatica
32%
4,709 Šamac
32%
7,530 Bratunac
31%
4,023 Ljubuški
31%
4,921 Ilijaš
30%
10,005 Kozarska Dubica
30%
8,259 Odžak
30%
4,347 Grude
29%
6,432 Banovići
28%
7,330 Kotor Varoš
28%
3,749 Šipovo
28%
5,502 Sokolac
27%
5,460 Žepče
27%
4,026 Kladanj
26%
5,544 Trn
25%
5,097 Čelinac
24%
10,542 Janja
23%
3,590 Kneževo
23%
3,894 Busovača
22%
3,922 Ugljevik
21%
4,831 Gornji Vakuf-Uskoplje
19%
7,597 Lukavica
19%
13,641 East Sarajevo
16%
3,890 Turbe
16%
16,157 Živinice Grad
16%
4,716 Dvorovi
13%
3,902 Velika Obarska
13%
4,580 Hotonj
12%
4,791 Željezno Polje
12%
3,702 Donja Mahala
11%
3,637 Gnojnice
11%
4,874 Klokotnica
11%
5,483 Mionica
11%
5,400 Varoška Rijeka
10%
4,337 Poljice
9%
4,126 Kuljani
8%
3,653 Mrazovac
8%
3,966 Orahovica Donja
8%
3,800 Kovači
7%
No matching quizzes found
Score Distribution
Percent of People with Each Score
Percentile by Number Answered
Your Score History
You have not taken this quiz since the last reset